[Event "Lueneburg op-A"]
[Site "Lueneburg"]
[Date "2019.08.10"]
[Round "8"]
[White "Fabregas, Oliver"]
[Black "Wirries, Frank Michael"]
[Result "1-0"]
[WhiteElo "1956"]
[BlackElo "1858"]
[PlyCount "93"]
[EventDate "2019.08.03"]
[EventType "swiss"]
[EventRounds "9"]
[EventCountry "GER"]
[SourceTitle "CBM 191 Extra"]
[Source "ChessBase"]
[SourceDate "2019.09.30"]
[SourceVersion "1"]
[SourceVersionDate "2019.09.30"]
[SourceQuality "1"]

1. Nf3 Nf6 2. g3 g6 3. Bg2 Bg7 4. 0-0 0-0 5. d4 d6 6. a4 a5 7. b3 Nbd7 8. Bb2 c6 9. Re1 Qc7 10. e4 e5 11. Nbd2 Re8 12. dxe5 Nxe5 13. Nd4 Be6 14. h3 Rad8 15. Qe2 Bc8 16. Rad1 h6 17. Kh1 Nh5 18. Nf1 Nd7 19. c4 Nc5 20. Qc2 Re7 21. Re3 Rde8 22. Rde1 Ne6 23. Nxe6 Rxe6 24. Bf3 Nf6 25. Kg2 Nd7 26. Bg4 R6e7 27. f4 Bxb2 28. Qxb2 h5 29. Bf3 Nc5 30. Qe2 Qd7 31. g4 f5 32. gxf5 gxf5 33. Bxh5 fxe4 34. Bxe8 Rg7+ 35. Kh2 Qxe8 36. Ng3 Qe6 37. f5 Qe5 38. Qf2 Rg5 39. f6 Rh5 40. Rh1 Bxh3 41. Kg1 Nd3 42. Rxd3 exd3 43. Nxh5 d2 44. Qxd2 Qxh5 45. Rxh3 Qxh3 46. Qg5+ Kf7 47. Qg7+ 1-0

[Event "Lueneburg op-A"]
[Site "Lueneburg"]
[Date "2019.08.05"]
[Round "3"]
[White "Wirries, Frank Michael"]
[Black "Kosanke, Stefan"]
[Result "1-0"]
[WhiteElo "1858"]
[BlackElo "2029"]
[PlyCount "78"]
[EventDate "2019.08.03"]
[EventType "swiss"]
[EventRounds "9"]
[EventCountry "GER"]
[SourceTitle "CBM 191 Extra"]
[Source "ChessBase"]
[SourceDate "2019.09.30"]
[SourceVersion "1"]
[SourceVersionDate "2019.09.30"]
[SourceQuality "1"]

1. e4 e6 2. d3 d5 3. Nd2 c5 4. Ngf3 Nc6 5. g3 Nf6 6. Bg2 Be7 7. 0-0 0-0 8. Re1 b5 9. e5 Nd7 10. Nf1 a5 11. h4 a4 12. a3 b4 13. Bf4 bxa3 14. bxa3 Nd4 15. Nxd4 cxd4 16. Qg4 Kh8 17. Bd2 Bc5 18. Nh2 Rb8 19. Nf3 f5 20. Qf4 Rb2 21. h5 Rxc2 22. Nh4 Re8 23. Bf3 Nf8 24. Kg2 Be7 25. Rh1 Kg8 26. Bd1 Rb2 27. Bc1 Rb7 28. Bxa4 Bd7 29. Qxd4 Bxa4 30. Qxa4 Qb8 31. Nf3 Rc8 32. Qd1 Rc3 33. Qd2 Rbb3 34. Rb1 Rxd3 35. Qxd3 Rxb1 36. Nd4 Bc5 37. Nc6 Rb6 38. Nxb8 Rb1 39. Nc6 d4 1-0

[Event "Schleswig Holstein-ch Hauptturnier"]
[Site "Ratzeburg"]
[Date "2017.04.10"]
[Round "3.3"]
[White "Walter, Jens"]
[Black "Wirries, Frank Michael"]
[Result "1/2-1/2"]
[WhiteElo "1593"]
[BlackElo "1814"]
[PlyCount "29"]
[EventDate "2017.04.08"]
[EventType "swiss"]
[EventRounds "9"]
[EventCountry "GER"]
[SourceTitle "EXT 2022"]
[Source "ChessBase"]
[SourceDate "2021.10.06"]
[SourceVersion "1"]
[SourceVersionDate "2021.10.06"]
[SourceQuality "1"]

1. e4 c5 2. Nf3 e6 3. Nc3 Nc6 4. g3 d5 5. exd5 exd5 6. Bg2 Nf6 7. 0-0 Be7 8. Re1 0-0 9. d3 d4 10. Ne4 Nxe4 11. Rxe4 Bf5 12. Re2 Bf6 13. Bf4 Re8 14. Qd2 Qd7 15. Rae1 1/2-1/2

[Event "Schleswig Holstein-ch Kandidaten"]
[Site "Schleswig Holstein"]
[Date "2012.06.??"]
[Round "8"]
[White "Heinemann, Guido"]
[Black "Wirries, Frank Michael"]
[Result "1-0"]
[WhiteElo "1885"]
[BlackElo "1831"]
[PlyCount "95"]
[EventDate "2012.06.05"]
[EventType "swiss"]
[EventRounds "9"]
[EventCountry "GER"]
[SourceTitle "EXT 2022"]
[Source "ChessBase"]
[SourceDate "2021.10.06"]
[SourceVersion "1"]
[SourceVersionDate "2021.10.06"]
[SourceQuality "1"]

1. e4 c5 2. d3 Nc6 3. Nc3 g6 4. g3 Bg7 5. Bg2 d6 6. Nf3 Nf6 7. 0-0 0-0 8. Bg5 h6 9. Bf4 Rb8 10. e5 Nh5 11. exd6 exd6 12. Bd2 Be6 13. Qc1 Kh7 14. Re1 Qd7 15. Ne4 b5 16. h3 Bxh3 17. Bxh3 f5 18. Nc3 g5 19. Bxg5 hxg5 20. Qxg5 Qf7 21. Nh4 Ne5 22. Qxf5+ Qxf5 23. Bxf5+ Kh6 24. Kg2 Bf6 25. Be4 Bxh4 26. gxh4 Rg8+ 27. Kf1 Rbf8 28. Ke2 Rf4 29. Nd5 Rxh4 30. Rh1 Rgg4 31. Rxh4 Rxh4 32. Rh1 Rxh1 33. Bxh1 Kg5 34. Bf3 Nf4+ 35. Nxf4 Kxf4 36. Bh5 b4 37. c3 a5 38. d4 Nc4 39. b3 Nb6 40. dxc5 dxc5 41. c4 Nd7 42. Kd2 Nf6 43. Bg6 Kf3 44. Ke1 Ng4 45. Bh5 Kf4 46. Bxg4 Kxg4 47. Ke2 Kf4 48. f3 1-0

[Event "Schleswig Holstein-ch Kandidaten"]
[Site "Schleswig Holstein"]
[Date "2012.06.??"]
[Round "9"]
[White "Wirries, Frank Michael"]
[Black "Neitzel, Mirko"]
[Result "0-1"]
[WhiteElo "1831"]
[BlackElo "1883"]
[PlyCount "104"]
[EventDate "2012.06.05"]
[EventType "swiss"]
[EventRounds "9"]
[EventCountry "GER"]
[SourceTitle "EXT 2022"]
[Source "ChessBase"]
[SourceDate "2021.10.06"]
[SourceVersion "1"]
[SourceVersionDate "2021.10.06"]
[SourceQuality "1"]

1. e4 c5 2. Nf3 Nc6 3. d4 cxd4 4. Nxd4 g6 5. Nc3 Bg7 6. Be3 Nf6 7. Bc4 0-0 8. Bb3 d6 9. h3 Bd7 10. 0-0 Nxd4 11. Bxd4 b5 12. Re1 Bc6 13. Qd3 Qd7 14. Rad1 a5 15. Bxf6 Bxf6 16. e5 Bxe5 17. Rxe5 dxe5 18. Qxd7 Bxd7 19. Rxd7 b4 20. Na4 e6 21. Kf1 Rfd8 22. Rxd8+ Rxd8 23. Ke2 Kf8 24. Nc5 Ke7 25. Nb7 Ra8 26. Kd3 a4 27. Bc4 Rc8 28. c3 Rc7 29. Na5 e4+ 30. Kc2 bxc3 31. Kxc3 Rc5 32. Kb4 Rf5 33. Kxa4 Rxf2 34. b4 e3 35. Nc6+ Kd6 36. Nd4 Rxg2 37. Kb3 e5 38. Ne2 f5 39. Kc3 f4 40. Nc1 f3 41. a4 e2 42. Nxe2 fxe2 43. Kd2 Rh2 44. a5 Rxh3 45. a6 Ra3 46. Bxe2 Ra2+ 47. Ke3 Rxe2+ 48. Kxe2 Kc6 49. b5+ Kb6 50. Kf3 h5 51. Kg3 g5 52. Kf3 h4 0-1

[Event "Schleswig Holstein-ch Vormeister"]
[Site "Buesum"]
[Date "2010.03.31"]
[Round "6.7"]
[White "Wirries, Frank Michael"]
[Black "Schmidt, Peter"]
[Result "1-0"]
[WhiteElo "1865"]
[BlackElo "1984"]
[PlyCount "78"]
[EventDate "2010.03.27"]
[EventType "swiss"]
[EventRounds "9"]
[EventCountry "GER"]
[SourceTitle "EXT 2022"]
[Source "ChessBase"]
[SourceDate "2021.10.06"]
[SourceVersion "1"]
[SourceVersionDate "2021.10.06"]
[SourceQuality "1"]

1. e4 e5 2. Nc3 Nf6 3. Bc4 Nxe4 4. Qh5 Nd6 5. Bb3 Nc6 6. Nb5 g6 7. Qf3 f5 8. Qd5 Qf6 9. Nxc7+ Kd8 10. Nxa8 b6 11. d3 Bb7 12. Qf3 Nd4 13. Qh3 f4 14. Bd2 h5 15. Ne2 g5 16. f3 N6f5 17. Nxd4 Nxd4 18. Nxb6 axb6 19. Rf1 Bc5 20. 0-0-0 d6 21. Rde1 Bc8 22. g4 hxg4 23. Qg2 gxf3 24. Rxf3 Nxf3 25. Qxf3 Rxh2 26. Bc3 g4 27. Qd5 Be3+ 28. Kb1 g3 29. a4 Qe7 30. a5 Bb7 31. Qg8+ Qe8 32. Qg7 Qd7 33. Qg8+ Kc7 34. Be6 Qe7 35. Bd5 Bxd5 36. Qxd5 g2 37. a6 b5 38. Ba5+ Bb6 39. a7 Rh1 1-0

[Event "Schleswig Holstein-ch cand 64th"]
[Site "Altenholz"]
[Date "2009.04.10"]
[Round "9"]
[White "Wirries, Frank Michael"]
[Black "Bahr, Torsten"]
[Result "1-0"]
[WhiteElo "1767"]
[BlackElo "1915"]
[PlyCount "45"]
[EventDate "2009.04.04"]
[EventType "swiss"]
[EventRounds "9"]
[EventCountry "GER"]
[SourceTitle "CBM 129 Extra"]
[Source "ChessBase"]
[SourceDate "2009.05.05"]
[SourceVersion "2"]
[SourceVersionDate "2009.05.20"]
[SourceQuality "1"]

1. e4 c6 2. d4 d5 3. e5 Bf5 4. Nf3 e6 5. Be2 c5 6. Be3 Qb6 7. c4 dxc4 8. Nbd2 Nd7 9. Nxc4 Qc7 10. Rc1 Qb8 11. Qa4 Nh6 12. dxc5 b5 13. cxb6 axb6 14. Qb5 Rxa2 15. Nxb6 Qb7 16. Rc8+ Qxc8 17. Nxc8 Ra1+ 18. Bd1 Bc2 19. Ke2 Nf5 20. Nb6 Rxd1 21. Rxd1 Bxd1+ 22. Kxd1 Nxe3+ 23. fxe3 1-0

[Event "GER-Cup16 Z-405 email"]
[Site "GER email"]
[Date "2008.??.??"]
[Round "?"]
[White "Heide, Eckhard"]
[Black "Wirries, Frank Michael"]
[Result "1-0"]
[WhiteElo "2250"]
[BlackElo "1931"]
[PlyCount "85"]
[EventDate "2008.??.??"]
[EventType "tourn (corr)"]
[EventRounds "6"]
[EventCountry "GER"]
[SourceTitle "Corr 2011"]
[Source "ChessBase"]
[SourceDate "2010.08.31"]
[SourceVersion "1"]
[SourceVersionDate "2010.08.31"]
[SourceQuality "1"]

1. e4 c5 2. Nf3 e6 3. d4 cxd4 4. Nxd4 Nc6 5. Nc3 d6 6. Be3 Nf6 7. f3 Be7 8. Qd2 0-0 9. g4 d5 10. g5 Nxd4 11. Qxd4 Nh5 12. Rg1 dxe4 13. Qxe4 g6 14. Bd3 Qc7 15. 0-0-0 Bd7 16. Qh4 Rac8 17. Kb1 Bc6 18. f4 b5 19. f5 b4 20. fxg6 fxg6 21. Ne4 Bd5 22. Rgf1 e5 23. Nf6+ Bxf6 24. gxf6 Qc6 25. Qxb4 Nxf6 26. Qb5 Rf7 27. Qxc6 Rxc6 28. Bb5 Rd6 29. Be2 Rfd7 30. a3 Kg7 31. c4 Bg2 32. Rxd6 Rxd6 33. Rd1 Rxd1+ 34. Bxd1 a6 35. Kc2 Kf7 36. b4 Ke6 37. Be2 Kd7 38. a4 Kc7 39. b5 Kb7 40. Kb3 e4 41. bxa6+ Ka8 42. c5 Nd5 43. Bd4 1-0